Music Quiz

Random Music or Alphabet Quiz

Bands & Musicians by Song: 'N' Quiz Stats

 Plays Quiz Updated May 4, 2018

Challenge
Share
Tweet
Score 0/20 Timer 05:00
5 Plays Today
% Correct
Nirvana - Smells Like Teen Spirit
92.5%
Olivia Newton-John - Physical
87.3%
No Doubt - Don't Speak
86.9%
'N Sync - Bye Bye Bye
83%
Willie Nelson - On the Road Again
79.5%
Nickelback - How You Remind Me
76.7%
N.W.A. - Straight Outta Compton
74.8%
Notorious B.I.G. - Mo Money Mo Problems
73.2%
Randy Newman - You've Got a Friend in Me
70.3%
Nelly - Hot in Herre
69.4%
% Correct
Johnny Nash - I Can See Clearly Now
69%
Nena - 99 Luftballons
68.8%
Nazareth - Love Hurts
67.4%
Naughty by Nature - Hip Hop Hooray
65.4%
New Kids on the Block - You Got It (The Right Stuff)
63.3%
New Order - Blue Monday
59.7%
Ted Nugent - Stranglehold
52.1%
Nine Inch Nails - Closer
48.1%
Ne-Yo - So Sick
47.9%
Nas - If I Ruled the World
47.7%

You're not logged in!

Compare scores with friends on all Sporcle quizzes.
OR
Log In

You Might Also Like...

Show Comments

Extras

Top Quizzes Today


Score Distribution

Your Account Isn't Verified!

In order to create a playlist on Sporcle, you need to verify the email address you used during registration. Go to your Sporcle Settings to finish the process.

Report this User

Report this user for behavior that violates our Community Guidelines.

Details: